Countries of the Dutch Kingdom - Statistics

General Stats
  • This quiz has been taken 20 times
    18 since last reset
  • The average score is 36 of 70
Answer Stats
Percentage of land Country % Correct
34.6% India
94%
100% Belgium
88%
1% China
88%
15.5% France
88%
0.7% Germany
88%
100% Indonesia
88%
100% Luxembourg
88%
100% Netherlands
88%
100% Suriname
88%
3% United Kingdom
88%
4.1% Japan
82%
2.9% Malaysia
82%
4.5% United States
82%
100% Australia
76%
0.1% Canada
76%
0.8% Spain
76%
6.5% Brazil
71%
1.7% Namibia
71%
100% New Zealand
71%
22.4% Bangladesh
65%
71.2% Guyana
65%
100% Singapore
65%
47.8% South Africa
65%
96.4% Sri Lanka
65%
1.1% Venezuela
65%
5.4% Vietnam
65%
6.2% Cambodia
59%
100% Taiwan
59%
5.4% Myanmar
53%
1.3% Pakistan
53%
0.4% Papua New Guinea
53%
0.06% Russia
53%
6.7% Thailand
53%
0.2% Colombia
47%
0.9% Cameroon
41%
0.4% Democratic Republic of Congo
41%
72.3% Equatorial Guinea
41%
7.6% Ghana
41%
1.9% Morocco
41%
2.3% Mozambique
41%
2.3% Oman
41%
4.2% Republic of Congo
41%
5.7% Angola
35%
9.3% Benin
35%
3.4% Chile
35%
7.8% Iran
35%
1.9% Iraq
35%
2.5% Madagascar
35%
100% Maldives
35%
100% Mauritius
35%
5.6% Nigeria
35%
0.9% Norway
35%
12.3% Togo
35%
6.7% United Arab Emirates
35%
4.6% Yemen
35%
38% Gambia
29%
7.7% Ivory Coast
29%
36.7% Kuwait
29%
100% Comoros
24%
100% Fiji
24%
37.6% Guinea-Bissau
24%
6.7% Liberia
24%
1.2% Mauritania
24%
2.2% Philipines
24%
9.8% Senegal
24%
12.4% Sierra Leone
24%
100% Trinidad and Tobago
24%
4% Honduras
18%
100% Tonga
18%
100% Sao Tome and Principe
12%
No matching quizzes found
Score Distribution
Percent of People with Each Score
Percentile by Number Answered
Your Score History
You have not taken this quiz since the last reset